Best Picture by ANY Word Quiz Stats

 Plays Quiz Updated Mar 5, 2018

Challenge
Share
Tweet
Embed
Score 0/90 Timer 04:00
1 Play Today
% Correct
Gone with the Wind
97.8%
12 Years a Slave
97.8%
The Lord of the Rings: The Return of the King
97.7%
A Man for All Seasons
97.4%
The Godfather Part II
97.4%
All the King's Men
97.3%
All Quiet on the Western Front
97.2%
The Godfather
97.2%
The Shape of Water
97.2%
In the Heat of the Night
97.1%
The Sound of Music
97%
The Bridge on the River Kwai
97%
The Hurt Locker
97%
The King's Speech
97%
The Greatest Show on Earth
96.9%
Around the World in 80 Days
96.9%
The Artist
96.9%
The Silence of the Lambs
96.9%
Mutiny on the Bounty
96.9%
On the Waterfront
96.9%
The Best Years of Our Lives
96.9%
The Life of Emile Zola
96.9%
One Flew Over the Cuckoo's Nest
96.7%
A Beautiful Mind
96.7%
The Departed
96.5%
The English Patient
96.5%
The Deer Hunter
96.4%
The Sting
96.4%
The Great Ziegfeld
96.4%
The Last Emperor
96.4%
% Correct
The Broadway Melody
96.4%
The French Connection
96.4%
The Apartment
96.3%
The Lost Weekend
96.3%
An American in Paris
90%
Shakespeare in Love
79.6%
You Can't Take It with You
79.4%
Out of Africa
77.4%
Chariots of Fire
76.1%
Terms of Endearment
75.9%
Lawrence of Arabia
75.5%
No Country for Old Men
73.9%
It Happened One Night
66.7%
Moonlight
63.4%
From Here to Eternity
59.9%
How Green Was My Valley
56.5%
Argo
55.8%
Dances with Wolves
55.8%
Titanic
54.9%
All About Eve
51.3%
Spotlight
49%
Birdman
47.2%
Rain Man
46.5%
Crash
45.4%
Going My Way
45.3%
My Fair Lady
45%
Forrest Gump
43.9%
Casablanca
40.1%
Gladiator
39.8%
American Beauty
38%
% Correct
Slumdog Millionaire
37.7%
Million Dollar Baby
37.2%
Ben-Hur
35.6%
Chicago
34.9%
Kramer vs. Kramer
34.9%
Wings
34.1%
Schindler's List
33.3%
Rocky
32.6%
West Side Story
31.9%
Braveheart
29.8%
Unforgiven
29.6%
Driving Miss Daisy
28.5%
Gandhi
28.4%
Platoon
27.4%
Ordinary People
26.9%
Patton
26.5%
Amadeus
25.4%
Annie Hall
25.3%
Oliver!
22.7%
Marty
21.8%
Gigi
21.8%
Midnight Cowboy
21.8%
Cimarron
21.1%
Mrs. Miniver
20.3%
Grand Hotel
19.9%
Rebecca
19.9%
Hamlet
19%
Cavalcade
17.9%
Tom Jones
16.8%
Gentleman's Agreement
14.5%

You're not logged in!

Compare scores with friends on all Sporcle quizzes.
Join for Free
OR
Log In

You Might Also Like...

Show Comments

Extras

Top Quizzes Today


Score Distribution

Your Account Isn't Verified!

In order to create a playlist on Sporcle, you need to verify the email address you used during registration. Go to your Sporcle Settings to finish the process.

Report this User

Report this user for behavior that violates our Community Guidelines.

Details: